Retablo de Carbonero el Mayor (Record no. 66801)

MARC details
000 -LEADER
campo de control de longitud fija 01000nam a2200241 i 4500
001 - NÚMERO DE CONTROL
campo de control 66801
003 - IDENTIFICADOR DE NÚMERO DE CONTROL
campo de control ES-MaACL
005 - FECHA Y HORA DE LA ÚLTIMA TRANSACCIÓN
campo de control 20250831100619.0
007 - CAMPO FIJO DE DESCRIPCIÓN FÍSICA--INFORMACIÓN GENERAL
campo de control de longitud fija t|
008 - DATOS DE LONGITUD FIJA--INFORMACIÓN GENERAL
campo de control de longitud fija 030606s2003 sp a |||| | spa d
020 ## - NÚMERO INTERNACIONAL ESTÁNDAR DEL LIBRO
Número Internacional Estándar del Libro 84-369-3688-4
080 ## - NÚMERO DE LA CLASIFICACIÓN DECIMAL UNIVERSAL
Número de la Clasificación Decimal Universal 726.54/.591(460.188 Carbonero)
245 00 - MENCIÓN DEL TÍTULO
Título Retablo de Carbonero el Mayor
Resto del título : restauración e investigación /
Mención de responsabilidad, etc. [coordinadora, Rocío Salas Almela].
260 ## - PUBLICACIÓN, DISTRIBUCIÓN, ETC.
Lugar de publicación, distribución, etc. [Madrid] :
Nombre del editor, distribuidor, etc. Ministerio de Educación, Cultura y Deporte, Subdirección General de Información y Publicaciones :
-- Instituto del Patrimonio Histórico Español,
Fecha de publicación, distribución, etc. [2003]
300 ## - DESCRIPCIÓN FÍSICA
Extensión 215 p. :
Otras características físicas il. col. y n. ;
Dimensiones 27 x 24 cm.
504 ## - NOTA DE BIBLIOGRAFÍA, ETC.
Nota de bibliografía, etc. Referencias bibliográficas.
610 24 - PUNTO DE ACCESO ADICIONAL DE MATERIA--NOMBRE DE ENTIDAD CORPORATIVA
Nombre de entidad corporativa o nombre de jurisdicción como elemento de entrada Iglesia de San Juan Bautista (Carbonero el Mayor)
9 (RLIN) 4677
650 14 - PUNTO DE ACCESO ADICIONAL DE MATERIA--TÉRMINO DE MATERIA
Término de materia o nombre geográfico como elemento de entrada Retablos-
Subdivisión general Restauración-
Subdivisión geográfica Carbonero el Mayor.
9 (RLIN) 205786
700 1# - ENTRADA AGREGADA--NOMBRE PERSONAL
Nombre de persona Salas Almela, Rocío.
9 (RLIN) 101751
710 2# - ENTRADA AGREGADA--NOMBRE DE ENTIDAD CORPORATIVA
Nombre de entidad corporativa o nombre de jurisdicción como elemento de entrada Instituto del Patrimonio Histórico Español.
9 (RLIN) 5018
852 ## - LOCALIZACIÓN
Ubicación ES-MaACL
Número de control de estantería L-27271
Holdings
Estatus retirado Estado de pérdida Estado de daño No para préstamo Biblioteca de origen Biblioteca actual Ubicación en estantería Fecha de adquisición Fuente de adquisición Total de préstamos Signatura topográfica completa Código de barras Visto por última vez Precio de reemplazo Tipo de ítem Koha
        Biblioteca del Ateneo de Madrid Biblioteca del Ateneo de Madrid Depósito 2 17/01/2008     L-27271 1069968 23/02/2023 23/02/2023 Libro impreso